Land Registration Act (Record no. 73598)

MARC details
000 -LEADER
fixed length control field 01331cam a2200265 4500
001 - CONTROL NUMBER
control field ABS67193
008 - FIXED-LENGTH DATA ELEMENTS--GENERAL INFORMATION
fixed length control field 031015n2003 000 0 eng u
035 ## - SYSTEM CONTROL NUMBER
System control number (Sirsi) u123931
100 ## - MAIN ENTRY--PERSONAL NAME
Personal name Dowden, M.
245 ## - TITLE STATEMENT
Title Land Registration Act
260 ## - PUBLICATION, DISTRIBUTION, ETC.
Date of publication, distribution, etc. 2003
490 ## - SERIES STATEMENT
Series statement Estates Gazette
Volume/sequential designation (0340) 4 October 2003, 144-145
490 ## - SERIES STATEMENT
Series statement Estates Gazette
Volume/sequential designation (0341) 11 October 2003, 176-177(2)
520 ## - SUMMARY, ETC.
Summary, etc. Articles five and six in a series of six articles on the Land Registration Act 2002 which came into force on 13 October 2003. Article five assesses the effect of the 2002 Act on the Landlord and Tenant Act 1954 proceedings with its emphasis on total registration of title. Article six summarises the practical day-to-day implications of the 2002 Act. Reminds practitioners that leases and mortgages will be open to public view, emphasises the importance of the registration of easements and leases, the disclosure of overriding interests and the registration of leases in excess of 7 years. (For articles one to four, see Abs67102).
590 ## - LOCAL NOTE (RLIN)
Local note ABS
650 ## - SUBJECT ADDED ENTRY--TOPICAL TERM
Topical term or geographic name entry element LAND REGISTRATION ACT 2002
650 ## - SUBJECT ADDED ENTRY--TOPICAL TERM
Topical term or geographic name entry element LAND REGISTRATION
650 ## - SUBJECT ADDED ENTRY--TOPICAL TERM
Topical term or geographic name entry element REGISTRATION OF TITLE
650 ## - SUBJECT ADDED ENTRY--TOPICAL TERM
Topical term or geographic name entry element LAND REGISTRATION RULES 2003
690 ## - LOCAL SUBJECT ADDED ENTRY--TOPICAL TERM (OCLC, RLIN)
Topical term or geographic name as entry element PROPERTY
700 ## - ADDED ENTRY--PERSONAL NAME
Personal name Colby, A.
700 ## - ADDED ENTRY--PERSONAL NAME
Personal name Fenn, F.
700 ## - ADDED ENTRY--PERSONAL NAME
Personal name Williams, P.
942 ## - ADDED ENTRY ELEMENTS (KOHA)
Suppress in OPAC 0
Holdings
Withdrawn status Lost status Source of classification or shelving scheme Damaged status Not for loan Home library Current library Shelving location Date acquired Total Checkouts Full call number Barcode Date last seen Copy number Price effective from Koha item type
    Dewey Decimal Classification     London London Journal article 15/10/2003   ABS67193 123931-1001 06/08/2019 1 06/08/2019 Journal article